Rulers of Austria - Statistics

General Stats
  • This quiz has been taken 144 times
  • The average score is 41 of 74
Answer Stats
Dynasty Reign Answer % Correct
von Habsburg-Lothringen 1916-1918 Charles
90%
von Babenburg 976-994 Leopold I
80%
von Habsburg 1308-1326 Leopold I
80%
von Babenburg 1075-1095 Leopold II
79%
von Habsburg 1339-1344 Leopold II
79%
von Babenburg 1095-1136 Leopold III
78%
von Habsburg 1365-1379 Leopold III
78%
von Habsburg (Leopoldinian) 1379-1386 Leopold III
78%
von Babenburg 1177-1194 Leopold V
77%
von Habsburg (Younger Tyrolean Line) 1623-1632 Leopold V
77%
von Babenburg 1198-1230 Leopold VI
77%
von Habsburg (Elder Line) 1657-1665 Leopold VI
77%
von Habsburg 1665-1705 Leopold VI
77%
von Babenburg 1137-1141 Leopold IV
75%
von Habsburg (Leopoldinian) 1386-1411 Leopold IV
75%
von Habsburg-Lothringen 1790-1792 Leopold VII
75%
von Habsburg 1519-1521 Charles I
71%
von Habsburg (Inner Austria) 1564-1590 Charles II
71%
von Habsburg 1711-1740 Charles III
71%
von Habsburg 1705-1711 Joseph I
71%
von Habsburg 1740-1780 Maria Theresa
71%
von Habsburg-Lothringen 1765-1790 Joseph II
70%
von Habsburg-Lothringen 1740-1765 Francis I
67%
von Habsburg-Lothringen 1804-1835 Francis I
67%
von Habsburg 1521-1564 Ferdinand I
66%
von Habsburg-Lothringen 1835-1848 Ferdinand I
66%
von Habsburg-Lothringen 1848-1916 Francis Joseph
66%
von Habsburg-Lothringen 1792-1804 Francis II
64%
von Habsburg (Tyrol and Further Austria) 1564-1595 Ferdinand II
63%
von Habsburg (Inner Austria) 1590-1619 Ferdinand III
63%
von Habsburg 1619-1623 Ferdinand III
63%
von Habsburg (Elder Line) 1623-1637 Ferdinand III
63%
von Habsburg 1490-1519 Maximilian I
62%
von Habsburg (Lower and Upper Austria) 1564-1576 Maximilian II
60%
von Habsburg 1282-1308 Albert I
59%
von Habsburg 1330-1358 Albert II
58%
von Babenburg 1195-1198 Frederick I
58%
von Habsburg 1308-1330 Frederick I
58%
von Babenburg 1230-1246 Frederick II
58%
von Zähringen 1250-1268 Frederick II
58%
von Habsburg 1339-1344 Frederick II
58%
von Habsburg 1365-1379 Albert III
56%
von Habsburg (Albertinian) 1379-1395 Albert III
56%
von Habsburg (Albertinian) 1395-1404 Albert IV
56%
von Habsburg (Albertinian) 1404-1439 Albert V
54%
von Habsburg (Elder Line) 1637-1657 Ferdinand IV
54%
von Habsburg (Elder Leopoldinian) 1457-1463 Albert VI
53%
von Babenburg 994-1018 Henry I
53%
von Babenburg 1141-1177 Henry II
53%
von Habsburg (Lower, Upper, and Further Austria and Tyrol) 1612-1618 Maximilian III
52%
von Habsburg 1330-1339 Otto I
52%
von Habsburg 1278-1282 Rudolf I
52%
von Habsburg 1282-1283 Rudolf II
49%
von Habsburg (Lower, Upper, and Further Austria and Tyrol) 1619 Albert VII
48%
von Habsburg (Lower, Upper, and Further Austria and Tyrol) 1595-1619 Matthias
46%
von Habsburg 1298-1307 Rudolf III
46%
von Habsburg (Leopoldinian) 1402-1406 Frederick IV
44%
von Habsburg (Junior Tyrolean) 1406-1439 Frederick IV
44%
von Habsburg 1358-1365 Rudolf IV
44%
von Habsburg (Lower and Upper Austria) 1576-1608 Rudolf V
43%
von Habsburg (Elder Leopoldinian) 1435-1493 Frederick V
40%
von Habsburg (Junior Tyrolean) 1439-1490 Sigismund
36%
Přemyslid 1251-1278 Ottokar II
33%
von Babenburg 1055-1075 Ernest
32%
von Habsburg (Leopoldinian) 1402-1406 Ernest
32%
von Habsburg (Elder Leopoldinian) 1406-1424 Ernest
32%
von Habsburg (Leopoldinian) 1386-1406 William
32%
von Babenburg 1018-1055 Adalbert
25%
von Habsburg (Albertinian) 1440-1457 Ladislaus I
21%
Hunyadi 1485-1490 Matthias Corvinus
21%
von Zähringen 1248-1250 Herman VI
13%
von Habsburg (Younger Tyrolean Line) 1662-1665 Sigismund Francis
13%
Přemyslid 1246-1247 Vladislaus III
13%
von Habsburg (Younger Tyrolean Line) 1632-1662 Ferdinand Charles
8%
No matching quizzes found
Score Distribution
Percent of People with Each Score
Percentile by Number Answered
Your Score History
You have not taken this quiz